000 00636nam a2200217Ia 4500
003 OSt
005 20250526160216.0
008 220927b |||||||| |||| 00| 0 eng d
020 _a8186565868
037 _cTextual
040 _aSDCL
_cSDCL
_beng
041 _2hin
_ahin
084 _aNW:(Y) P1
100 _aParakh, Jawarimall
_9405937
245 0 _aLokpriya cinema aur samajik ytharth
246 _aलोकप्रिय सिनेमा और सामाजिक यथार्थ
260 _aDelhi :
_bAnamika Publishers,
_c2001.
300 _a232p.
942 _cTEXL
_2CC
_n0
999 _c721543
_d721543